| 000 | 01313nam a2200349 i 4500 | ||
|---|---|---|---|
| 001 | 115028 | ||
| 003 | ES-MaACL | ||
| 005 | 20240418143800.0 | ||
| 007 | t| | ||
| 008 | 070219s1957 sp ||||1| spa d | ||
| 080 | _a821.111(73)-3"19"(082.2) | ||
| 245 | 0 | 0 |
_aBiblioteca de Selecciones. _n4. |
| 260 |
_aMadrid : _bSelecciones del Reader's Digest, _c1957. |
||
| 300 |
_a478 p. : _bil. ; _c20 cm. |
||
| 490 | 1 |
_aBiblioteca de Selecciones: las obras contemporáneas de mayor éxito ; _v4 |
|
| 505 | 8 | _aContiene: La viuda negra / por Patrick Quentin . Mi perro Barrabás / por Fred Gipson . Karen / por Marie Killilea . Ley de la selva / por Jim Corbell . En pos de la belleza / por A.J. Cronin | |
| 650 | 7 |
_aNovela norteamericana _2 _9146954 |
|
| 700 | 1 |
_aQuentin, Patrick. _994521 |
|
| 700 | 1 |
_aGipson, Fred. _957178 |
|
| 700 | 1 |
_aKillilea, Marie. _968032 |
|
| 700 | 1 |
_aCorbett, Jim. _940463 |
|
| 700 | 1 |
_aCronin, A. J. _941692 |
|
| 710 | 2 |
_aSelecciones del Reader's Digest. _96545 |
|
| 740 | 3 | 2 | _aLa viuda negra. |
| 740 | 0 | 2 | _aMi perro Barrabás. |
| 740 | 0 | 2 | _aKaren. |
| 740 | 0 | 2 | _aLey de la selva. |
| 740 | 0 | 2 | _aEn pos de la belleza. |
| 830 | 1 |
_aBiblioteca de Selecciones: las obras contemporáneas de mayor éxito ; _v4 _9185949 |
|
| 852 | 4 |
_aES-MaACL _jE-4206 |
|
| 999 |
_c115028 _d115028 |
||